000
00292nam a22001337a 4500
003
SGT
082
_a
370
_b
V15S
100
_a
S.C.E.R.T.
245
_a
VASANT BHAG-2, BOOK OF HINDI FOR CLASS 7TH
260
_a
NEW DELHI
_b
SCERT
_c
2015
300
_a
146
650
_a
EDUCATION
942
_2
ddc
_c
BK
999
_c
12455
_d
12455